000 006010000a22002290004500
003 LK-CoMWRAF
005 20231020104817.0
008 230817t1993 ||||| |||| 00| 0 eng d
020 _a1863780555
040 _aLK-CoMWRAF
_dLK-CoMWRAF
_eLK-CoMWRAF
041 _aeng
082 _a746.44
_bDYN
100 _aDynes, Cecily
245 _aBabies' Names & Embroidery
260 _aSydney:
_bBay Books,
_c1993
300 _a95 p. ill.
490 _aBay Books Tresury of Craft
650 _aEMBROIDERY-Patterns
650 _aInfants' clothing -- Patterns
700 _aSnepp, Alison
942 _cBK
999 _c1301
_d1301